Rulers of Westeros (The North) - Statistics

General Stats
  • This quiz has been taken 197 times
    172 since last reset
  • The average score is 14 of 26
Answer Stats
Ruler % Correct
{Brandon} III Stark (the Shipwright)
98%
{Brandon} II Stark (the Breaker)
98%
{Brandon} IV Stark (the Burner)
98%
{Brandon} IX Stark
98%
{Brandon} VI Stark (the Bad)
98%
{Brandon} V Stark (Ice Eyes)
98%
{Jon} I Stark
97%
{Jon} Snow
97%
{Robb} Stark (The Young Wolf)
93%
{Sansa} Stark
80%
{Rickard} I Stark
69%
{Torrhen} I Stark (The King Who Knelt)
63%
{Theon} I Stark (The Hungry Wolf)
57%
{Benjen} II Stark (the Sweet)
40%
{Benjen} I Stark (the Bitter)
40%
{Edrick} I Stark (Snowbeard)
21%
{Rodrick} I Stark
21%
{Jorah} I Stark
16%
{Edwyn} I Stark (The Spring King)
15%
{Jonnel} I Stark
15%
{Edderion} I Stark (The Bridegroom)
14%
{Walton} I Stark (The Moonking)
14%
{Eyron} I Stark
12%
{Jonos} I Stark
12%
{Dorren} I Stark
9%
{Harlon} I Stark
7%
No matching quizzes found
Score Distribution
Percent of People with Each Score
Percentile by Number Answered
Your Score History
You have not taken this quiz since the last reset